[Event "Regionalliga Nord-Ost 1819"]
[Site "Bayern"]
[Date "2019.04.07"]
[Round "9.1"]
[White "Bachstein, Dustin"]
[Black "Stadler, Simon"]
[Result "0-1"]
[WhiteElo "2095"]
[BlackElo "2178"]
[PlyCount "108"]
[EventDate "2018.10.21"]
[EventType "team-tourn"]
[EventRounds "9"]
[EventCountry "GER"]
[SourceTitle "EXT 2022"]
[Source "ChessBase"]
[SourceDate "2021.10.06"]
[SourceVersion "1"]
[SourceVersionDate "2021.10.06"]
[SourceQuality "1"]
[WhiteTeam "Erlangen SC II"]
[BlackTeam "Nuernberg NT III"]
[WhiteTeamCountry "GER"]
[BlackTeamCountry "GER"]

1. e4 e6 2. d4 d5 3. Nc3 Bb4 4. e5 Ne7 5. a3 Bxc3+ 6. bxc3 c5 7. Qg4 Ng6 8. h4 h5 9. Qg3 Qa5 10. Bd2 Nc6 11. Bd3 Nce7 12. dxc5 Nf5 13. Bxf5 exf5 14. Nf3 Qxc5 15. 0-0 Be6 16. Nd4 Qe7 17. c4 dxc4 18. Bb4 f4 19. Qc3 Qd7 20. Bd6 Nxh4 21. Rab1 Rh6 22. Nxe6 fxe6 23. Qh3 g5 24. Rbd1 Qc6 25. Bb4 Nf5 26. Qc3 g4 27. Qd2 Nh4 28. f3 Nf5 29. Qxf4 Rg6 30. Kh2 gxf3 31. Qxf3 Qxf3 32. Rxf3 Rd8 33. Rxd8+ Kxd8 34. a4 Kd7 35. Rf2 Kc6 36. Rd2 b6 37. Rd8 a5 38. Be1 Rg4 39. Re8 Re4 40. Bf2 Rxe5 41. Rb8 Ne3 42. Bxe3 Rxe3 43. Rc8+ Kd5 44. Rd8+ Kc5 45. Rc8+ Kb4 46. Rb8 Kxa4 47. Rxb6 Rc3 48. Rxe6 Rxc2 49. Re5 Kb4 50. Rxh5 a4 51. Rh8 a3 52. Ra8 a2 53. Kh3 Kb3 54. Rb8+ Kc3 0-1

[Event "BL2-Ost 1718"]
[Site "Germany"]
[Date "2018.02.04"]
[Round "8.6"]
[White "Hess, Max"]
[Black "Stadler, Simon"]
[Result "1-0"]
[WhiteElo "2271"]
[BlackElo "2183"]
[PlyCount "131"]
[EventDate "2017.10.21"]
[EventType "team-tourn"]
[EventRounds "10"]
[EventCountry "GER"]
[SourceTitle "CBM 183 Extra"]
[Source "ChessBase"]
[SourceDate "2018.04.19"]
[SourceVersion "1"]
[SourceVersionDate "2018.04.19"]
[SourceQuality "1"]
[WhiteTeam "Garching"]
[BlackTeam "Nuernberg NT"]
[WhiteTeamCountry "GER"]
[BlackTeamCountry "GER"]

1. d4 d6 2. e4 Nf6 3. Nc3 e5 4. Nf3 Nbd7 5. Bc4 Be7 6. a4 0-0 7. a5 exd4 8. Qxd4 h6 9. 0-0 Ng4 10. a6 Nb6 11. axb7 Bxb7 12. Ba6 Bf6 13. Qd3 Bxa6 14. Rxa6 Nd7 15. Ra3 Nc5 16. Qc4 Re8 17. Re1 Bxc3 18. Rxc3 Qf6 19. Bd2 Rab8 20. b4 Ne6 21. Ra3 c5 22. bxc5 Nxc5 23. h3 Ne5 24. Nxe5 Qxe5 25. Rxa7 Qe6 26. Qd4 Re7 27. Bc3 f6 28. Rxe7 Qxe7 29. f3 Rc8 30. Bb4 Kh7 31. Rd1 Ne6 32. Qd3 Qa7+ 33. Kh1 Nf4 34. Qxd6 Ng6 35. c3 Ra8 36. Qc6 Ne5 37. Qd5 Qa4 38. Qd2 Ra7 39. Bc5 Rc7 40. Bd4 Nc4 41. Qe1 Rc8 42. Ra1 Qc6 43. Ra7 Rc7 44. Rxc7 Qxc7 45. Qb1 Kh8 46. Qb5 Qc8 47. f4 Nd2 48. Qe2 Nc4 49. e5 fxe5 50. Bxe5 Qc6 51. Qd3 Qc8 52. Qd4 Qg8 53. Bxg7+ Qxg7 54. Qxc4 Qg3 55. Qc8+ Kh7 56. Qf5+ Kh8 57. c4 Qe1+ 58. Kh2 Qc1 59. c5 Kg7 60. Qe5+ Kf7 61. f5 h5 62. Qe6+ Kf8 63. Qd6+ Kf7 64. c6 h4 65. c7 Kg7 66. Qe7+ 1-0

[Event "BL2-Ost 1718"]
[Site "Germany"]
[Date "2017.12.10"]
[Round "6.7"]
[White "Stadler, Simon"]
[Black "Liepold, Stefan"]
[Result "1/2-1/2"]
[WhiteElo "2183"]
[BlackElo "2168"]
[PlyCount "61"]
[EventDate "2017.10.21"]
[EventType "team-tourn"]
[EventRounds "10"]
[EventCountry "GER"]
[SourceTitle "CBM 183 Extra"]
[Source "ChessBase"]
[SourceDate "2018.04.19"]
[SourceVersion "1"]
[SourceVersionDate "2018.04.19"]
[SourceQuality "1"]
[WhiteTeam "Nuernberg NT"]
[BlackTeam "Erlangen"]
[WhiteTeamCountry "GER"]
[BlackTeamCountry "GER"]

1. e4 e6 2. d3 d5 3. Nd2 Nf6 4. Ngf3 b6 5. Be2 dxe4 6. dxe4 Bb7 7. Bd3 Nc6 8. 0-0 Be7 9. a3 a5 10. Qe2 Nd7 11. Rd1 Qc8 12. Bb5 Ba6 13. c4 Bxb5 14. cxb5 Nce5 15. Nxe5 Nxe5 16. Nc4 Nxc4 17. Qxc4 0-0 18. Bf4 Bc5 19. b4 axb4 20. axb4 Rxa1 21. Rxa1 Bd6 22. Bxd6 cxd6 23. Qc6 Qb8 24. Ra6 d5 25. g3 dxe4 26. Rxb6 Qe5 27. Qc5 Qa1+ 28. Kg2 Qa3 29. Rc6 Qf3+ 30. Kg1 Qd1+ 31. Kg2 1/2-1/2

[Event "BL2-Ost 1718"]
[Site "Germany"]
[Date "2017.11.11"]
[Round "3.6"]
[White "Schoene, Maria"]
[Black "Stadler, Simon"]
[Result "0-1"]
[WhiteElo "2260"]
[BlackElo "2183"]
[PlyCount "78"]
[EventDate "2017.10.21"]
[EventType "team-tourn"]
[EventRounds "10"]
[EventCountry "GER"]
[SourceTitle "CBM 183 Extra"]
[Source "ChessBase"]
[SourceDate "2018.04.19"]
[SourceVersion "1"]
[SourceVersionDate "2018.04.19"]
[SourceQuality "1"]
[WhiteTeam "Magdeburg Aufbau Elbe"]
[BlackTeam "Nuernberg NT"]
[WhiteTeamCountry "GER"]
[BlackTeamCountry "GER"]

1. e4 d6 2. d4 Nf6 3. Nc3 e5 4. Nf3 exd4 5. Nxd4 Be7 6. Be2 0-0 7. 0-0 Re8 8. f4 Bf8 9. Bf3 c6 10. a4 a5 11. b3 Na6 12. Bb2 Qb6 13. Kh1 Bd7 14. Qd2 Rad8 15. Rae1 Bc8 16. Qf2 h6 17. h3 Nb4 18. g4 d5 19. e5 Bc5 20. Rd1 Nh7 21. Nb1 Re7 22. Qh2 f6 23. h4 fxe5 24. fxe5 Rf8 25. c3 Na6 26. Nd2 Qd8 27. c4 Nb4 28. cxd5 cxd5 29. Nb1 Ref7 30. e6 Rf4 31. Qg3 Bd6 32. Qh3 Qe7 33. Rfe1 Bc5 34. Bg2 Bxd4 35. Bxd4 Nc2 36. Be5 Nxe1 37. Bxf4 Nxg2 38. Bg3 Ne3 39. Rd3 Qxe6 0-1

[Event "Oberliga Bayern 1617"]
[Site "Bayern"]
[Date "2016.10.16"]
[Round "1.6"]
[White "Stadler, Simon"]
[Black "Wutz, Christoph"]
[Result "0-1"]
[WhiteElo "2187"]
[BlackElo "2220"]
[PlyCount "50"]
[EventDate "2016.10.16"]
[EventType "team-tourn"]
[EventRounds "9"]
[EventCountry "GER"]
[SourceTitle "EXT 2019"]
[Source "ChessBase"]
[SourceDate "2018.10.10"]
[SourceVersion "1"]
[SourceVersionDate "2018.10.10"]
[SourceQuality "1"]
[WhiteTeam "Nuernberg NT"]
[BlackTeam "Regensburg Post/Sued"]
[WhiteTeamCountry "GER"]
[BlackTeamCountry "GER"]

1. g3 Nf6 2. Bg2 g6 3. e4 d6 4. Ne2 c5 5. c3 Bg7 6. d4 cxd4 7. cxd4 d5 8. e5 Ne4 9. f3 Qa5+ 10. Kf1 f6 11. fxe4 fxe5 12. Bd2 0-0+ 13. Ke1 Qa6 14. Nbc3 exd4 15. Nxd5 Bg4 16. h3 Bxe2 17. Qxe2 d3 18. Qd1 e6 19. Nf4 g5 20. Nh5 Bxb2 21. Rb1 Qxa2 22. Rh2 Nc6 23. e5 Nxe5 24. Rxb2 Qxb2 25. Bxg5 Qf2# 0-1

[Event "Oberliga Bayern 1516"]
[Site "Bayern"]
[Date "2016.01.17"]
[Round "5.4"]
[White "Stadler, Simon"]
[Black "Reich, Thomas"]
[Result "1/2-1/2"]
[WhiteElo "2187"]
[BlackElo "2311"]
[PlyCount "141"]
[EventDate "2015.10.11"]
[EventType "team-tourn"]
[EventRounds "9"]
[EventCountry "GER"]
[SourceTitle "EXT 2018"]
[Source "ChessBase"]
[SourceDate "2017.10.13"]
[SourceVersion "1"]
[SourceVersionDate "2017.10.13"]
[SourceQuality "1"]
[WhiteTeam "Nuernberg NT"]
[BlackTeam "Bayern Muenchen II"]
[WhiteTeamCountry "GER"]
[BlackTeamCountry "GER"]

1. d4 g6 2. e4 Bg7 3. Nc3 d6 4. f4 Nf6 5. Nf3 c5 6. dxc5 Qa5 7. Bd3 Qxc5 8. Qe2 0-0 9. Be3 Qb4 10. 0-0 Qxb2 11. Nb5 Ne8 12. e5 Qb4 13. Nxa7 Nc6 14. Rab1 Qa5 15. Nxc8 Rxc8 16. Rxb7 Qxa2 17. Be4 dxe5 18. fxe5 Qe6 19. Rb6 Rc7 20. Qa6 Bxe5 21. Ng5 Qd6 22. Rxc6 Bxh2+ 23. Kh1 Rxc6 24. Qxc6 Be5 25. Qxd6 Nxd6 26. Bd3 Rc8 27. Bf4 Bxf4 28. Rxf4 Kg7 29. Kg1 e5 30. Ra4 h6 31. Ra6 Rd8 32. Ne4 Nxe4 33. Bxe4 f5 34. Bb7 Rd1+ 35. Kh2 Rc1 36. Rc6 h5 37. Kg3 Rf1 38. Ba6 f4+ 39. Kh2 Re1 40. Re6 g5 41. g3 f3 42. Bd3 g4 43. Rg6+ Kf7 44. Rg5 Ke6 45. Rxh5 e4 46. Bc4+ Kd6 47. Rd5+ Kc6 48. Rf5 Kd6 49. Bd5 e3 50. Bxf3 Rf1 51. Rd5+ Ke6 52. Rd8 Rxf3 53. c4 Ke5 54. c5 Rf2+ 55. Kg1 Ke4 56. c6 Rc2 57. Rd6 Ke5 58. Rd3 Ke4 59. Rd6 Kf3 60. Rf6+ Kxg3 61. Kf1 e2+ 62. Ke1 Kh3 63. Rh6+ Kg2 64. Re6 Kf3 65. Rf6+ Kg3 66. Re6 Kf4 67. Rxe2 Rxc6 68. Kf2 Rh6 69. Kg2 g3 70. Kg1 Kg4 71. Re8 1/2-1/2

[Event "Oberliga Bayern 1516"]
[Site "Bayern"]
[Date "2015.10.11"]
[Round "1.4"]
[White "Schmid, Roland1111"]
[Black "Stadler, Simon"]
[Result "1-0"]
[WhiteElo "2254"]
[BlackElo "2187"]
[PlyCount "51"]
[EventDate "2015.10.11"]
[EventType "team-tourn"]
[EventRounds "9"]
[EventCountry "GER"]
[SourceTitle "EXT 2018"]
[Source "ChessBase"]
[SourceDate "2017.10.13"]
[SourceVersion "1"]
[SourceVersionDate "2017.10.13"]
[SourceQuality "1"]
[WhiteTeam "Regensburg Post/Sued"]
[BlackTeam "Nuernberg NT"]
[WhiteTeamCountry "GER"]
[BlackTeamCountry "GER"]

1. d4 d6 2. e4 g6 3. c4 Bg7 4. Nc3 Nd7 5. Be3 e5 6. Nge2 Ne7 7. Qd2 f5 8. dxe5 Nxe5 9. Nd4 0-0 10. f3 fxe4 11. Nxe4 c5 12. Nb5 Rxf3 13. Nbxd6 Rxe3+ 14. Qxe3 Nf5 15. Qxc5 Nxd6 16. 0-0-0 Bh6+ 17. Kb1 Bf5 18. Qxe5 Bxe4+ 19. Bd3 Bc6 20. Bc2 Bg7 21. Qe6+ Kh8 22. Rxd6 Qb6 23. b3 a5 24. Rhd1 Qc7 25. Qe3 Be8 26. Re6 1-0

[Event "Oberliga Bayern 1415"]
[Site "Germany"]
[Date "2014.11.09"]
[Round "2.5"]
[White "Stadler, Simon"]
[Black "Schubert, Dieter"]
[Result "1/2-1/2"]
[WhiteElo "2194"]
[BlackElo "2076"]
[PlyCount "113"]
[EventDate "2014.10.19"]
[EventType "team-tourn"]
[EventRounds "9"]
[EventCountry "GER"]
[SourceTitle "EXT 2016"]
[Source "ChessBase"]
[SourceDate "2015.10.08"]
[SourceVersion "1"]
[SourceVersionDate "2015.10.08"]
[SourceQuality "1"]
[WhiteTeam "Nuernberg NT"]
[BlackTeam "Puschendorf"]
[WhiteTeamCountry "GER"]
[BlackTeamCountry "GER"]

1. Nf3 Nf6 2. c4 e6 3. g3 b6 4. Bg2 Bb7 5. 0-0 Be7 6. Nc3 0-0 7. d4 Ne4 8. Nxe4 Bxe4 9. Nh4 Bxg2 10. Nxg2 d5 11. cxd5 Qxd5 12. Be3 Nd7 13. Nf4 Qb7 14. Qb3 Bd6 15. Rac1 Rac8 16. Rfd1 Rfe8 17. Qc4 e5 18. Nd5 exd4 19. Qxd4 Be5 20. Qg4 c6 21. Nc3 Nf6 22. Qf5 Re6 23. Bd4 Rce8 24. Qf3 Qb8 25. Rd2 c5 26. Bxe5 Qxe5 27. Rcd1 h6 28. e3 Ne4 29. Nxe4 Qxe4 30. Qxe4 Rxe4 31. Rd7 R4e7 32. Rxe7 Rxe7 33. Rd8+ Kh7 34. Kf1 Kg6 35. Ke2 Re4 36. Rd7 Ra4 37. a3 b5 38. Rd6+ f6 39. Kd3 a5 40. f3 b4 41. axb4 cxb4 42. e4 Kf7 43. Rd7+ Kg6 44. f4 Ra2 45. f5+ Kh7 46. Kc2 Kg8 47. Kb1 b3 48. Rd4 Kf8 49. g4 Ke7 50. h4 Ke8 51. g5 hxg5 52. hxg5 fxg5 53. e5 a4 54. Rg4 a3 55. bxa3 Rxa3 56. Rxg5 Ra5 57. Rxg7 1/2-1/2

[Event "Oberliga Bayern 1213"]
[Site "Bayern"]
[Date "2013.01.13"]
[Round "5.4"]
[White "Meier, Volker"]
[Black "Stadler, Simon"]
[Result "1-0"]
[WhiteElo "2228"]
[BlackElo "2195"]
[PlyCount "114"]
[EventDate "2012.10.14"]
[EventType "team-tourn"]
[EventRounds "9"]
[EventCountry "GER"]
[SourceTitle "EXT 2015"]
[Source "ChessBase"]
[SourceDate "2014.11.20"]
[SourceVersion "1"]
[SourceVersionDate "2014.11.20"]
[SourceQuality "1"]
[WhiteTeam "Muenchen Tarrasch"]
[BlackTeam "Nuernberg NT"]
[WhiteTeamCountry "GER"]
[BlackTeamCountry "GER"]

1. d4 d6 2. c4 e5 3. Nf3 e4 4. Ng5 f5 5. Nc3 Be7 6. Nh3 Nf6 7. g3 0-0 8. Bg2 c6 9. d5 cxd5 10. cxd5 Na6 11. 0-0 Nc7 12. b4 Nd7 13. Bb2 Ne5 14. Qb3 Bf6 15. Rad1 b5 16. Nf4 Qe8 17. f3 g5 18. Ne6 Nxe6 19. dxe6 Bxe6 20. Nd5 exf3 21. exf3 f4 22. gxf4 gxf4 23. Bh3 Kh8 24. Bxe6 Qxe6 25. Kh1 Bg7 26. Nc7 Qxb3 27. axb3 Rac8 28. Ne6 Rfe8 29. Rxd6 Rc2 30. Bd4 Re2 31. Nxf4 Nf7 32. Bxg7+ Kxg7 33. Ra6 Re1 34. Kg2 Rxf1 35. Kxf1 Re3 36. Kf2 Rc3 37. Ne6+ Kg8 38. Rxa7 Ne5 39. f4 Nd3+ 40. Ke3 Nxb4+ 41. Ke4 Rxb3 42. Rg7+ Kh8 43. Rg2 Rb1 44. Ke5 h5 45. f5 Re1+ 46. Kf6 Ra1 47. Rd2 Ra8 48. Kg6 Nc6 49. Kxh5 b4 50. f6 Ne5 51. Rd5 Nf7 52. Rb5 Kh7 53. h4 Nd6 54. Rb6 Ne4 55. Ng5+ Nxg5 56. hxg5 Ra1 57. Rb7+ Kg8 1-0

[Event "Landesliga Nord 1112"]
[Site "Bayern"]
[Date "2012.02.26"]
[Round "7.3"]
[White "Stadler, Simon"]
[Black "Droll, Johannes"]
[Result "1-0"]
[WhiteElo "2189"]
[BlackElo "2163"]
[PlyCount "69"]
[EventDate "2011.10.02"]
[EventType "team-tourn"]
[EventRounds "9"]
[EventCountry "GER"]
[SourceTitle "EXT 2015"]
[Source "ChessBase"]
[SourceDate "2014.11.20"]
[SourceVersion "1"]
[SourceVersionDate "2014.11.20"]
[SourceQuality "1"]
[WhiteTeam "Nuernberg NT II"]
[BlackTeam "Bindlach II"]
[WhiteTeamCountry "GER"]
[BlackTeamCountry "GER"]

1. c4 f5 2. g3 Nf6 3. Bg2 g6 4. Nc3 Bg7 5. d3 0-0 6. e4 fxe4 7. dxe4 d6 8. Nge2 c5 9. 0-0 Nc6 10. h3 Be6 11. Nd5 Qd7 12. Kh2 Rab8 13. a4 Ne8 14. f4 b6 15. Ne3 a6 16. f5 Bf7 17. h4 Ne5 18. Nf4 Nf6 19. Nfd5 Nxd5 20. exd5 b5 21. Bh3 Qb7 22. cxb5 axb5 23. a5 Nc4 24. fxg6 Bxg6 25. Be6+ Kh8 26. Nf5 Bxf5 27. Bxf5 Rxf5 28. Rxf5 e6 29. a6 Qd7 30. a7 Ra8 31. dxe6 Qxe6 32. Qf3 Qe8 33. Bg5 Nxb2 34. Rf7 Na4 35. Bf6 1-0

[Event "Landesliga Nord 1112"]
[Site "Bayern"]
[Date "2012.02.05"]
[Round "6.3"]
[White "Maurer, Christian"]
[Black "Stadler, Simon"]
[Result "0-1"]
[WhiteElo "2053"]
[BlackElo "2189"]
[PlyCount "118"]
[EventDate "2011.10.02"]
[EventType "team-tourn"]
[EventRounds "9"]
[EventCountry "GER"]
[SourceTitle "EXT 2013"]
[Source "ChessBase"]
[SourceDate "2012.11.22"]
[SourceVersion "1"]
[SourceVersionDate "2012.11.22"]
[SourceQuality "1"]
[WhiteTeam "Kelheim"]
[BlackTeam "Nuernberg NT II"]
[WhiteTeamCountry "GER"]
[BlackTeamCountry "GER"]

1. d4 Nf6 2. Nf3 g6 3. c4 Bg7 4. Nc3 d5 5. cxd5 Nxd5 6. Bd2 0-0 7. e4 Nb6 8. Be3 Bg4 9. Qd2 Bxf3 10. gxf3 Nc6 11. e5 Qd7 12. 0-0-0 Nb4 13. Bd3 N6d5 14. Nxd5 Nxd3+ 15. Qxd3 Qxd5 16. Kb1 Qxf3 17. h4 h5 18. Ka1 e6 19. Qc3 Rac8 20. Rhg1 Rfd8 21. Rc1 Qe4 22. Qa5 b6 23. Qa6 c5 24. Rc4 Qd3 25. Rgc1 Rb8 26. Qxa7 Ra8 27. Qb7 cxd4 28. Rxd4 Rxd4 29. Bxd4 Ra6 30. a3 Rxa3+ 31. bxa3 Qxd4+ 32. Ka2 Bxe5 33. Qc8+ Kh7 34. Rc2 Qa1+ 35. Kb3 Qb1+ 36. Ka4 b5+ 37. Ka5 Qb3 38. Qc6 Qxa3+ 39. Kxb5 Qb3+ 40. Ka6 Qd3+ 41. Kb7 Bf6 42. Rc4 Kg7 43. Qc8 Qf3+ 44. Ka6 Qxf2 45. Rc7 Qa2+ 46. Kb5 Qb3+ 47. Ka5 Bxh4 48. Qe8 Qd5+ 49. Ka6 e5 50. Ka7 e4 51. Rd7 Bf2+ 52. Kb8 Qb5+ 53. Kc8 Qc5+ 54. Rc7 Qf8 55. Kd7 Qxe8+ 56. Kxe8 e3 57. Rxf7+ Kh6 58. Re7 Kg5 59. Kf7 Kf5 0-1

[Event "Landesliga Nord 1011"]
[Site "Bayern"]
[Date "2010.10.10"]
[Round "1.5"]
[White "Stadler, Simon"]
[Black "Haag, Wolfgang"]
[Result "1-0"]
[WhiteElo "2195"]
[BlackElo "2184"]
[PlyCount "119"]
[EventDate "2010.10.10"]
[EventType "team-tourn"]
[EventRounds "9"]
[EventCountry "GER"]
[SourceTitle "EXT 2012"]
[Source "ChessBase"]
[SourceDate "2011.11.24"]
[SourceVersion "1"]
[SourceVersionDate "2011.11.24"]
[SourceQuality "1"]
[WhiteTeam "Nuernberg NT II"]
[BlackTeam "Schweinfurt"]
[WhiteTeamCountry "GER"]
[BlackTeamCountry "GER"]

1. d4 Nf6 2. Bf4 d6 3. e3 g6 4. h3 Bg7 5. Nf3 0-0 6. Be2 b6 7. 0-0 c5 8. c3 Ba6 9. Bxa6 Nxa6 10. Qe2 Qc8 11. e4 Nc7 12. Bh2 Qa6 13. Qc2 cxd4 14. cxd4 Rac8 15. Nc3 Ne6 16. Qd2 Rfd8 17. Qe3 d5 18. e5 Ne8 19. Bg3 b5 20. Qd3 N8c7 21. a3 Qb7 22. Bh4 Rd7 23. Rfc1 Bh6 24. Rc2 a6 25. Nd1 Na8 26. Ne3 Rxc2 27. Qxc2 Rc7 28. Qd1 Nb6 29. Ng4 Bf8 30. Ng5 Qc8 31. Nxe6 Qxe6 32. Rc1 Rc4 33. b3 Rxc1 34. Qxc1 Qc8 35. Qc5 h5 36. Ne3 Qb7 37. Qc2 e6 38. a4 bxa4 39. bxa4 a5 40. g4 Qd7 41. gxh5 Qxa4 42. Qc7 Qa1+ 43. Kh2 Qxd4 44. hxg6 fxg6 45. Ng4 Qf4+ 46. Bg3 Qf7 47. Qxb6 a4 48. Nf6+ Kg7 49. Qd4 a3 50. Qh4 Bc5 51. Qh7+ Kf8 52. Qh8+ Ke7 53. Bh4 Bd4 54. Nxd5+ Kd7 55. Qd8+ Kc6 56. Qd6+ Kb7 57. Qb4+ Ka8 58. Qxd4 exd5 59. Qa4+ Qa7 60. Qxa7+ 1-0

[Event "Niederbayernliga 0607"]
[Site "Germany"]
[Date "2007.??.??"]
[Round "5.1"]
[White "Stadler, Simon"]
[Black "Riemelmoser, Franz"]
[Result "0-1"]
[WhiteElo "2083"]
[BlackElo "2258"]
[PlyCount "102"]
[EventDate "2006.??.??"]
[EventType "team"]
[EventRounds "9"]
[EventCountry "GER"]
[SourceTitle "EXT 2008"]
[Source "ChessBase"]
[SourceDate "2007.11.25"]
[SourceVersion "1"]
[SourceVersionDate "2007.11.25"]
[SourceQuality "1"]
[WhiteTeam "Waldkirchen"]
[BlackTeam "Simbach"]
[WhiteTeamCountry "GER"]
[BlackTeamCountry "GER"]

1. Nf3 d5 2. c4 dxc4 3. e3 Be6 4. Na3 c5 5. Nxc4 Nc6 6. Be2 Nf6 7. 0-0 Bd5 8. b3 e6 9. Bb2 Be7 10. d3 0-0 11. a3 Nd7 12. Qc2 Na5 13. Bc3 Nxc4 14. dxc4 Bc6 15. Rad1 Qc7 16. Qb2 f6 17. Ne1 Ne5 18. f4 Nf7 19. Bd3 Rfd8 20. Qc2 f5 21. Nf3 Nd6 22. Be5 Bf6 23. Qf2 Qf7 24. Bc2 Ne4 25. Bxe4 Bxe4 26. Bd6 Bxf3 27. Qxf3 Rac8 28. Rd3 e5 29. Rd5 exf4 30. Qxf4 Rc6 31. Rfd1 Qh5 32. Qf3 Qxf3 33. gxf3 b6 34. Be5 Rxd5 35. cxd5 Rc8 36. f4 Kf7 37. d6 Bxe5 38. fxe5 Ke6 39. Kf2 Kxe5 40. d7 Rd8 41. b4 cxb4 42. axb4 Ke6 43. e4 fxe4 44. Rd4 Rxd7 45. Rxe4+ Kf5 46. Rh4 g6 47. b5 h5 48. Rb4 Rd2+ 49. Kg3 g5 50. h3 h4+ 51. Kf3 Rh2 0-1

[Event "Niederbayernliga 0607"]
[Site "Germany"]
[Date "2007.??.??"]
[Round "6.1"]
[White "Stadler, Simon"]
[Black "Schaefer, Udo"]
[Result "1-0"]
[WhiteElo "2083"]
[BlackElo "1868"]
[PlyCount "49"]
[EventDate "2006.??.??"]
[EventType "team"]
[EventRounds "9"]
[EventCountry "GER"]
[SourceTitle "EXT 2008"]
[Source "ChessBase"]
[SourceDate "2007.11.25"]
[SourceVersion "1"]
[SourceVersionDate "2007.11.25"]
[SourceQuality "1"]
[WhiteTeam "Waldkirchen"]
[BlackTeam "Deggendorf II"]
[WhiteTeamCountry "GER"]
[BlackTeamCountry "GER"]

1. e4 c5 2. Nf3 e6 3. c3 Nc6 4. d4 cxd4 5. cxd4 d5 6. e5 Qb6 7. Nc3 a6 8. Bd3 Bd7 9. Bb1 Nge7 10. 0-0 Ng6 11. Re1 Be7 12. g3 0-0 13. h4 Rfc8 14. Kg2 Na5 15. Ng5 Bxg5 16. hxg5 Rc4 17. Rh1 Qxd4 18. Qh5 Rac8 19. Qxh7+ Kf8 20. Bxg6 fxg6 21. Qxg6 Qxe5 22. Bf4 Rxf4 23. gxf4 Qxf4 24. Rh8+ Ke7 25. Nxd5+ 1-0

[Event "Landesliga Sued 0506"]
[Site "Bayern"]
[Date "2006.03.12"]
[Round "8.2"]
[White "Schmid, Guenter"]
[Black "Stadler, Simon"]
[Result "1-0"]
[WhiteElo "2311"]
[BlackElo "2099"]
[PlyCount "87"]
[EventDate "2005.10.23"]
[EventType "team-tourn"]
[EventRounds "9"]
[EventCountry "GER"]
[SourceTitle "EXT 2007"]
[Source "ChessBase"]
[SourceDate "2006.11.23"]
[SourceVersion "1"]
[SourceVersionDate "2006.11.23"]
[SourceQuality "1"]
[WhiteTeam "Rottal Inn"]
[BlackTeam "Waldkirchen TSV"]
[WhiteTeamCountry "GER"]
[BlackTeamCountry "GER"]

1. e4 e6 2. d4 d5 3. Nc3 Bb4 4. e5 c5 5. a3 Bxc3+ 6. bxc3 Ne7 7. a4 Qa5 8. Bd2 Nbc6 9. Nf3 Bd7 10. Bb5 Qc7 11. 0-0 Na5 12. Bd3 Nc4 13. Bc1 Qa5 14. Bxc4 dxc4 15. Ba3 b6 16. Nd2 Qxc3 17. Ne4 Qxd4 18. Nd6+ Kd8 19. Nxf7+ Ke8 20. Qxd4 cxd4 21. Nxh8 Bc6 22. a5 b5 23. Bc5 Be4 24. Rfc1 d3 25. cxd3 Bxd3 26. a6 Nc6 27. f4 b4 28. f5 b3 29. f6 gxf6 30. exf6 Kd7 31. Rd1 Rxh8 32. f7 Ne7 33. Bxa7 Kc6 34. Bd4 Ra8 35. Ra5 Nf5 36. Rc5+ Kd6 37. Bf2 Ke7 38. Rc7+ Kf6 39. Bc5 b2 40. f8Q+ Rxf8 41. Bxf8 Ne3 42. Bg7+ Kg6 43. a7 Nxd1 44. Bxb2 1-0

[Event "Landesliga Sued 0506"]
[Site "Bayern"]
[Date "2005.12.11"]
[Round "4.2"]
[White "Bintakies, Michael"]
[Black "Stadler, Simon"]
[Result "1-0"]
[WhiteElo "2182"]
[BlackElo "2099"]
[PlyCount "127"]
[EventDate "2005.10.23"]
[EventType "team-tourn"]
[EventRounds "9"]
[EventCountry "GER"]
[SourceTitle "EXT 2007"]
[Source "ChessBase"]
[SourceDate "2006.11.23"]
[SourceVersion "1"]
[SourceVersionDate "2006.11.23"]
[SourceQuality "1"]
[WhiteTeam "Kriegshaber SK"]
[BlackTeam "Waldkirchen TSV"]
[WhiteTeamCountry "GER"]
[BlackTeamCountry "GER"]

1. d4 e6 2. Nf3 c5 3. c3 d5 4. Bf4 cxd4 5. cxd4 Qb6 6. Qc2 Bd7 7. Nc3 Bb4 8. a3 Bxc3+ 9. Qxc3 Nc6 10. e3 Rc8 11. Be2 Na5 12. Qb4 Nb3 13. Qxb6 axb6 14. Rb1 Nc1 15. Bf1 e5 16. dxe5 Bf5 17. Ra1 Nb3 18. Rd1 Ne7 19. Bb5+ Kf8 20. Nd4 Nxd4 21. Rxd4 Rc5 22. a4 Nc6 23. Rd2 Rc1+ 24. Rd1 Rxd1+ 25. Kxd1 Ke7 26. Ke2 Na7 27. Bd3 Bxd3+ 28. Kxd3 Rc8 29. Kd2 Ke6 30. Rc1 Rxc1 31. Kxc1 b5 32. axb5 Nxb5 33. Kc2 Na7 34. Kb3 Kd7 35. Kb4 Kc6 36. Bg5 Nc8 37. f4 Nb6 38. b3 Nd7 39. Be7 h5 40. h3 g6 41. g4 hxg4 42. hxg4 Nb6 43. Kc3 Nc8 44. Bf8 Na7 45. f5 gxf5 46. gxf5 Nb5+ 47. Kd3 Kd7 48. e4 dxe4+ 49. Kxe4 Nc7 50. Bd6 Ne8 51. Ba3 Nc7 52. Kf4 Nb5 53. Bb2 Na7 54. Kg5 Nc6 55. Kf6 Ke8 56. e6 fxe6 57. Kxe6 b5 58. Be5 b4 59. f6 Nd8+ 60. Kd5 Nb7 61. Bd4 Na5 62. Ke6 Nxb3 63. f7+ Kf8 64. Be3 1-0

[Event "Landesliga Sued 0506"]
[Site "Bayern"]
[Date "2005.10.23"]
[Round "1.2"]
[White "Drexel, Michael"]
[Black "Stadler, Simon"]
[Result "1-0"]
[WhiteElo "2239"]
[BlackElo "2099"]
[PlyCount "119"]
[EventDate "2005.10.23"]
[EventType "team-tourn"]
[EventRounds "9"]
[EventCountry "GER"]
[SourceTitle "EXT 2007"]
[Source "ChessBase"]
[SourceDate "2006.11.23"]
[SourceVersion "1"]
[SourceVersionDate "2006.11.23"]
[SourceQuality "1"]
[WhiteTeam "Bayern Muenchen II"]
[BlackTeam "Waldkirchen TSV"]
[WhiteTeamCountry "GER"]
[BlackTeamCountry "GER"]

1. d4 d5 2. c4 Nc6 3. Nc3 dxc4 4. Nf3 Nf6 5. Bg5 Nd5 6. e4 Nb6 7. d5 Nb8 8. Bxc4 Nxc4 9. Qa4+ Nd7 10. Qxc4 Nb6 11. Qb3 g6 12. Bf4 Bd7 13. Be5 f6 14. Bg3 a5 15. a4 Rc8 16. 0-0 Kf7 17. e5 Kg7 18. Rfe1 Be8 19. Nd4 Bf7 20. Ne6+ Bxe6 21. dxe6 f5 22. Red1 Qe8 23. Nd5 Qc6 24. Nxb6 Qxb6 25. Qxb6 cxb6 26. Rac1 Rxc1 27. Rxc1 g5 28. f4 Kg6 29. h4 gxf4 30. Bxf4 Bh6 31. Bxh6 Kxh6 32. Rc7 Rd8 33. Rxe7 Rd5 34. Rxb7 Rxe5 35. Rxb6 Re4 36. Rb5 Kg7 37. Rxa5 Kf6 38. b3 Rxh4 39. e7 Re4 40. Ra7 Kf7 41. Rb7 Re1+ 42. Kf2 Ra1 43. Rb5 f4 44. Rf5+ Kxe7 45. Rxf4 Ke6 46. Rb4 Ra2+ 47. Kf3 Kd5 48. Rb5+ Kd4 49. a5 Ra3 50. Kf4 Ra1 51. b4 Rf1+ 52. Kg4 Ra1 53. Rb6 Ra2 54. g3 Ra3 55. Kf4 h5 56. a6 Ra1 57. b5 Ra4 58. Rb7 Kc5+ 59. Kf3 h4 60. gxh4 1-0